|
|
|
|
| LEADER |
00000nam a2200000 a 4500 |
| 001 |
vtls001424170 |
| 003 |
SK-MaSNL |
| 005 |
20260302001731.0 |
| 008 |
251106s1961 xr og 0 000 und |
| 035 |
|
|
|a SNK000379050
|
| 040 |
|
|
|a SNK
|b slo
|c SNK
|e AACR2
|
| 041 |
0 |
|
|a cze
|
| 044 |
|
|
|a xr
|c CZ
|
| 072 |
|
7 |
|a 78
|x Hudba
|2 konspekt
|
| 080 |
|
|
|a 78.036
|2 2001
|
| 080 |
|
|
|a (0.062)
|2 2001
|
| 100 |
1 |
|
|a Poledňák, Ivan,
|d 1931-2009
|4 aut
|9 131218
|
| 245 |
1 |
0 |
|a Kapitolky o jazzu
|
| 250 |
|
|
|a 1. vyd.
|
| 260 |
|
|
|a Praha
|b Státní hudební vydavatelství
|c 1961
|
| 300 |
|
|
|a 146 s.
|b lit., noty, fotogr.
|c 16 cm
|e viaz. fotogr. príl.
|
| 490 |
1 |
|
|a Hudba na každém kroku
|
| 500 |
|
|
|a Brožovaná
|
| 504 |
|
|
|a Literatúra na s. 144-146
|
| 650 |
0 |
7 |
|a džez
|2 SNKPH
|9 3178
|
| 655 |
|
7 |
|a populárno-náučné publikácie
|2 SNKPH
|9 70460
|
| 655 |
|
7 |
|a Popular works
|2 SNKPHeng
|9 90287
|
| 830 |
|
0 |
|a Hudba na každém kroku
|9 379565
|
| 852 |
|
|
|a Akadémia umení v Banskej Bystrici
|
| 958 |
|
|
|a SV
|
| 999 |
|
|
|c 985049
|d 986979
|
| 952 |
|
|
|a SNK
|b SNK
|y NEVYP
|7 0
|p 17A0321109
|o snkID 29730 D1
|0 0
|1 1
|4 0
|d 2001-11-14
|l 0
|r 2005-01-02 00:00:00
|w 2026-02-24
|